| 000 | 00439nam a2200145 a 4500 | ||
|---|---|---|---|
| 001 | 000027199 | ||
| 005 | 20200930030651.0 | ||
| 008 | 110330s1994 dr 000 0 spa d | ||
| 040 |
_aDO-SdBNP _bspa _cBNPHU |
||
| 100 | 1 |
_aRemigio Diomedes _954261 |
|
| 245 | 1 | 0 |
_aPeña Gómez su pensamiento político / _cDiomedes Remigio. |
| 260 |
_aSanto Domingo : _bEditora Victorama, _c1994. |
||
| 300 |
_a197 P. : _bil., retrs. ; _c21 cm. |
||
| 049 | _aBNPD | ||
| 999 |
_c26691 _d26691 |
||